Entry Toplantı Adı
001 - KONTROL NUMARASI
- Kontrol alanı: 87650
003 - KONTROL NUMARASI KİMLİĞİ
- Kontrol alanı: TR-BiSEU
005 - SON İŞLEM TARİHİ VE ZAMANI
- Kontrol alanı: 20260207003557.0
008 - SABİT UZUNLUKTAKİ VERİ ÖGELERİ - GENEL BİLGİ
- Sabit uzunlukta kontrol alanı: 260207|| aca||aabn | a|a d
040 ## - KATALOGLAMA KAYNAĞI
- Özgün kataloglama kurumu: TR-BiSEU
- Çeviri kurumu: TR-BiSEU
111 ## - KONU BAŞLIKLARI - TOPLANTI ADI
- Toplantı adı: Cumhuriyet Döneminde Türkiye'de Tarihçilik ve Tarih Yayıncılığı Sempozyumu (2010 : Ankara)
670 ## - BİLGİNİN KAYNAĞI
- Bilginin alındığı kaynak: KOHA: (TR-BiSEU)47600: Cumhuriyet Döneminde Türkiye'de Tarihçilik ve Tarih Yayıncılığı Sempozyumu (2010 : Ankara), Cumhuriyet Döneminde Türkiye'de tarihçilik ve tarih yayıncılığı sempozyumu :
